Normal view
MARC view
Entry Personal Name
001 - CONTROL NUMBER
- control field: 10955
003 - CONTROL NUMBER IDENTIFIER
- control field: BD-RjUL
005 - DATE AND TIME OF LATEST TRANSACTION
- control field: 20240118151949.0
008 - FIXED-LENGTH DATA ELEMENTS
- fixed length control field: 240118|| aca||aabn | a|a d
040 ## - CATALOGING SOURCE
- Original cataloging agency: BD-RjUL
- Transcribing agency: BD-RjUL
100 ## - HEADING--PERSONAL NAME
- Personal name: اقبال، محمّد، ;; Iqbal, Muhammad,
- Titles and other words associated with a name: Sir,
- Dates associated with a name: 1877-1938
670 ## - SOURCE DATA FOUND
- Source citation: Work cat.: (BD-RjUL)82687: اقبال، محمّد، ;; Iqbal, Muhammad, Sir, 1877-1938, author., مثنوى اسرار و رموز، يعنى، اسرار خودى و رموز بيخودى (هر دو يکجا) / ;; Mas̲navī-i Asrār o rumūz, yaʻnī, Asrār-i k̲h̲ūdī va Rumūz-i bīk̲h̲ūdī (har do yakjā) /